000 00564nam a2200205 4500
001 132425
003 ES-MaACL
005 20250911062654.0
007 t|
008 070214s1976 sp r ||||1| spa d
100 1 _aRomá, Rosa.
_999197
245 1 3 _aLa maraña de los cien hilos /
_cRosa Romá.
250 _a1ª. ed.
260 _aBarcelona :
_bDestino,
_c1976.
300 _a213 p. :
_bil. ;
_c19 cm.
490 1 _aAncora y delfín ;
_v493
830 0 0 _aÁncora y Delfín
_v493
_9151298
852 _aES-MaACL
_jA-7248
_bR.96385
999 _c132425
_d132425